|
|
|
|
| LEADER |
00000nab a2200000 4500 |
| 001 |
vtls012067216 |
| 003 |
SK-MaSNL |
| 005 |
20260303100127.0 |
| 008 |
210902|2021 xo |||| ||n ||00 0|slo |
| 015 |
|
|
|a SNBRB2021/09
|
| 040 |
|
|
|a SPKCL
|b slo
|e rda
|
| 041 |
|
|
|a slo
|b slo
|
| 044 |
|
|
|a xo
|c SK
|
| 072 |
|
7 |
|a 82-93
|x Literatúra pre deti a mládež (o nej)
|2 konspekt
|
| 080 |
|
|
|a 82-93 (0.025.2)
|2 2011
|
| 100 |
1 |
|
|a Barnišinová, Eva
|4 aut
|9 266947
|
| 245 |
1 |
0 |
|a Tiché knihy
|c Eva Barnišinová
|
| 336 |
|
|
|a text
|b txt
|2 rdacontent
|
| 337 |
|
|
|a bez média
|b n
|2 rdamedia
|
| 338 |
|
|
|a zväzok
|b nc
|2 rdacarrier
|
| 504 |
|
|
|a Obsahuje bibliografiu
|
| 650 |
0 |
7 |
|a knihy
|2 SNKPH
|9 19731
|
| 650 |
0 |
7 |
|a publikácie pre deti
|2 SNKPH
|9 249868
|
| 650 |
0 |
7 |
|a obrázkové knihy
|2 SNKPH
|9 610954
|
| 650 |
0 |
7 |
|a leporelá
|2 SNKPH
|9 284032
|
| 773 |
0 |
|
|t Knižnica (online)
|g Roč. XXI, č. 4 (2020), s. 94-98
|x 1336-0965
|
| 856 |
4 |
1 |
|u http://194.160.178.64/sk/obchod/edicna-cinnost/casopis-kniznica/archiv-kniznica.html
|
| 958 |
|
|
|a NB
|
| 999 |
|
|
|c 1828210
|d 1830140
|